| 000 | 004010000a22001690004500 | ||
|---|---|---|---|
| 003 | MACL | ||
| 005 | 20160108125826.0 | ||
| 008 | 160108b xxu||||| |||| 00| 0 eng d | ||
| 040 |
_aMACL _cMACL |
||
| 041 | _aEnglish | ||
| 082 | _a912/DEM | ||
| 100 |
_aDempsey, Michael _929636 |
||
| 245 | _aPocke Atlas | ||
| 260 |
_bGranada _c1985 _aLondon |
||
| 650 |
_aGeography _929637 |
||
| 942 |
_cBK _k912/Dem _2ddc |
||
| 999 |
_c34125 _d34125 |
||